The Social Drama of Daily Work : A Manual for Historians.

Bibliographic Details
Main Author: Schneewind, Sarah.
Format: eBook
Language:English
Published: Amsterdam : Amsterdam University Press, 2024.
Edition:1st ed.
Subjects:
Online Access:Click to View
LEADER 01461nam a22003613i 4500
001 EBC31520028
003 MiAaPQ
005 20240729202206.0
006 m o d |
007 cr cnu||||||||
008 240729s2024 xx o ||||0 eng d
020 |a 9789048559541  |q (electronic bk.) 
020 |z 9789048559534 
035 |a (MiAaPQ)EBC31520028 
035 |a (Au-PeEL)EBL31520028 
035 |a (OCoLC)1442038522 
040 |a MiAaPQ  |b eng  |e rda  |e pn  |c MiAaPQ  |d MiAaPQ 
082 0 |a 306.360722 
100 1 |a Schneewind, Sarah. 
245 1 4 |a The Social Drama of Daily Work :  |b A Manual for Historians. 
250 |a 1st ed. 
264 1 |a Amsterdam :  |b Amsterdam University Press,  |c 2024. 
264 4 |c Ã2024. 
300 |a 1 online resource (194 pages) 
336 |a text  |b txt  |2 rdacontent 
337 |a computer  |b c  |2 rdamedia 
338 |a online resource  |b cr  |2 rdacarrier 
588 |a Description based on publisher supplied metadata and other sources. 
590 |a Electronic reproduction. Ann Arbor, Michigan : ProQuest Ebook Central, 2024. Available via World Wide Web. Access may be limited to ProQuest Ebook Central affiliated libraries.  
655 4 |a Electronic books. 
776 0 8 |i Print version:  |a Schneewind, Sarah  |t The Social Drama of Daily Work  |d Amsterdam : Amsterdam University Press,c2024  |z 9789048559534 
797 2 |a ProQuest (Firm) 
856 4 0 |u https://ebookcentral.proquest.com/lib/matrademy/detail.action?docID=31520028  |z Click to View